Регионална библиотека "Любен Каравелов" - Русе

Детският имунитет (Запис номер 490021)

MARC детайли
000 -Лидер
Контролно поле с фиксирана дължина 01232nam a2200277 a 4500
003 - Код на организацията, давaща контролен номер
Контролно поле BLK
005 - Дата и час на последна редакция
Контролно поле 20250116114224.0
008 - Елементи от данни с фиксирана дължина
fixed length control field 230323b bu ||||| |||| 00| 0 bu d
020 ## - Международен стандартен номер на книга ISBN
Международен стандартен номер на книга ISBN 9789542840527
040 ## - Източник на каталожния запис
Идентификатор на билиотеката - собственик на записа BLK
041 ## - Код за език
Код за езика на текст/звукозапис или на отделно заглавие Български
Код за езика КДБФ Български
080 ## - УДК
Текстов определител УДК Имунитет. Приспособяемост (адаптация) на организма. Токсини. Антитоксини
УДК код - определител по УДК 612.017
УДК определител -053.2
УДК - код + определител 612.017-053.2
100 ## - Редна дума - Автор
Автор Великова, Цветелина Веселинова
Авторска отговорност първи автор
R(LIN) 486973
139 ## - Редно поле
Редна дума Великова, Цветелина Веселинова
Авторски знак Вели - В 39
245 ## - Сведения за заглавието
Заглавие Детският имунитет
Подзаглавни данни Колко често е "честото" боледуване от инфекции
Редно поле (дума) Цветелина Великова
260 ## - Област на издателските данни
9 (RLIN) 217021
Място на издаване, разпространение и проч. София
Име на издателя, разпространителя и проч. Сиела Норма
Година на издаване 2022
Печатница ([София] : [Алианс принт])
Издателство - префикс ISBN 978-954-28-
300 ## - Физическа характеристика
Страници 288 с.
Размери/Мащаб 23 см
380 ## - Жанр
Жанр Медицина
650 #7 - Допълнително описание по предмет – тема
9 (RLIN) 157115
Основно описание – тема или топоним Имунитет
653 #7 - Ключова дума – ненормативна
9 (RLIN) 184884
Ключова дума деца
653 #7 - Ключова дума – ненормативна
9 (RLIN) 193491
Ключова дума педиатрия
653 #7 - Ключова дума – ненормативна
9 (RLIN) 190721
Ключова дума медицина
856 ## - Електронен адрес и достъп
Инструкция (цена за достъп) 0.00
Права за достъп disable
999 ## - СИСТЕМНИ КОНТРОЛНИ НОМЕРА
Koha biblionumber 490021
Koha biblioitemnumber 490021
942 ## - АРТИКУЛИ
Вид на библиотечния материал Книги
Скрит в OPAC Не
Периодичен библиозапис Да
Koha issues (borrowed), all copies 3
944 ## - СЪЗДАВАНЕ И РЕДАКЦИЯ на ЗАПИСА
Създаване/Редакция Създаване
Дата на регистрацията/редакция 2023-03-23
Служител, извършил регистрацията/редакцията 30538
Статус, дата на статуса Силвия Димитрова
Наличности
Код за отписване Код за изгубен артикул Източник на класификационната схема Код за повреда Коз за рестрикции Код за отдаване Артикулен № Име на библиотеката - собственик Име на библиотеката, в която се намира в момента Статус (Текущо местоположение) Дата на вписване в системата Местоположение - отдел Цена в лева Инвентарен номер Систематично азбучна сигнатура Баркод Цена в евро Служебен тип на артикула
  Не е изгубен Universal Decimal Classification Не е повреден без рестрикции заемане за дома 925328 Регионална библиотека "Любен Каравелов" Русе Регионална библиотека "Любен Каравелов" Русе Заемна - подръчен фонд 2023-03-28 Заемна - подръчен фонд 13.51 120000884563 612.01/В 39 Ц 120000884563 6.91 Книги
Vip Innovations Ltd, Rousse, Bulgaria 2025